00919nam a2200265 a 4500001001000000005001700010008004100027041000800068044000700076050002200083245013700105260002900242300003800271440002900309500006900338500003800407500002500445500000800470610004500478650003000523650002600553651002700579700002800606700001900634BRCA_814420190320210142.0280414s1948----sz-a###f##---#001-0#ger-# ager asz 4aN3650b.S3 2 194810aDas schweizerische landesmuseum 1898-1948bkunst, handwerk und geschichtecredaktion Dietrich W. H. Schwarz ; photographien A. Senn. aZúrichbAtlantisc1948 a78 p.bil., 186 láminasc31 cm. 0aDomine Serva nos in pace aFeria del libro para conmemorar el 50 aniversario de la apertura aIncluye índice de ilustraciones aEjemplar igual a S30 aX1524aMuseo Nacional de SuizavFerias de libro14aArtevExposicioneszSuiza14aArtevHistoriazSuiza 4aSuizavArtey1898-19481 aSchwarz, Dietrich W. H.1 aSenn, A.efot.